’90s Cartoon Characters Colour Scheme? Quiz Stats

 Plays Quiz not verified by Sporcle

Score 0/15 Timer 03:00
0 Plays Today
% Correct
Johnny Bravo
93%
Stewie Griffin
33.6%
Angelica Pickles
22.4%
Rocko
21.7%
Ash Ketchum
20.3%
Doug Funnie
20.3%
Daria Morgendorffer
12.6%
Patrick Star
12.6%
% Correct
Philip J. Fry
11.9%
Stimpy
11.9%
Darkwing Duck
8.4%
Arnold Shortman
6.3%
CatDog
4.9%
Debbie Thornberry
4.2%
Francine Frensky
2.8%

You're not logged in!

Compare scores with friends on all Sporcle quizzes.
OR
Log In

Sporcle TV

Today on Sporcle TV


Watch our educational content, quiz creation guides, and fun videos on Sporcle TV.

Show Comments

Extras

Top Quizzes Today


Score Distribution

Your Account Isn't Verified!

In order to create a playlist on Sporcle, you need to verify the email address you used during registration. Go to your Sporcle Settings to finish the process.

Report this User

Report this user for behavior that violates our Community Guidelines.

Details: